Finis le titre de la chanson #15 - Statistiques

Statistiques générales
  • Ce quiz a été pris 268 fois
  • Le résultat moyen est 13 sur 30
Statistiques - réponses
Artistes Chansons Réponse % Correct
IAM "Je danse le..." Mia
89%
Charles Aznavour "Hier..." Encore
86%
LMFAO "Sexy And I Know..." It
83%
Johnny Hallyday "L'idole des..." Jeunes
77%
Philippe d'Avilla, Damien Sargue et Grégori Baquet "Les rois du..." Monde
72%
Claude François "Magnolias for..." Ever
71%
Trois Cafés Gourmand "A nos..." Souvenirs
67%
Jean Schultheis "Confidence pour..." Confidence
66%
Mozart Opera Rock "Tatoue..." Moi
66%
Macklemore, Ryan Lewis, Ray Dalton "Can't Hold..." Us
66%
Hervé Cristiani "Il est libre..." Max
62%
Edith Piaf "Padam..." Padam
59%
George Michael "Careless..." Whisper
53%
Gérard Blanc "Une autre..." Histoire
37%
Alain Bashung "La nuit je..." Mens
34%
Phil Collins "In The Air..." Tonight
34%
Nekfeu "Risibles..." Amours
32%
Lenny Kravitz "It Ain’t Over ’til It’s..." Over
32%
Alonzo "Assurance..." Vie
30%
The Beach Boys "God Only..." Knows
28%
Bob Sinclar, Cutee B., Dollarman, Makedah, Big Ali "Rock This..." Party
28%
Mister V "Top..." Album
26%
Oasis "Don't Look Back In..." Anger
24%
DJ Snake, Selena Gomez "Selfish..." Love
24%
Fanny J "Ancrée à ton..." Port
24%
DJ Sem, Marwa Loud "Mi..." Corazón
18%
The Weeknd, Gesaffelstein "I Was Never..." There
15%
Shay "Même pas..." Bonne
5%
Lartiste "Ciao..." Amigo
4%
Luis Mariano "C'est..." Magnifique
3%
Aucun quiz correspondant
Distribution des résultats
% des personnes avec chaque résultat
Percentile par nombre de réponses
Votre historique - résultats
Vous n’avez pas pris ce quiz